मिशन यात्रा : स्मृतियों के झरोखे से (Record no. 30155)

MARC details
000 -LEADER
fixed length control field 00400nam a22001217a 4500
003 - CONTROL NUMBER IDENTIFIER
control field SGT
082 ## - DEWEY DECIMAL CLASSIFICATION NUMBER
Classification number 891.4309
Item number M21A
100 ## - MAIN ENTRY--PERSONAL NAME
Personal name अग्रवाल, गोविन्द राम
245 ## - TITLE STATEMENT
Title मिशन यात्रा : स्मृतियों के झरोखे से
260 ## - PUBLICATION, DISTRIBUTION, ETC. (IMPRINT)
Name of publisher, distributor, etc महामना मालवीय मिशन
Year of Publication 2021
300 ## - PAGE DESCRIPTION
No. of Pages 98
942 ## - ADDED ENTRY ELEMENTS (KOHA)
Source of classification or shelving scheme Dewey Decimal Classification
Koha item type Books
Holdings
Withdrawn status Lost status Source of classification or shelving scheme Damaged status Not for loan Home library Current library Shelving location Date acquired SGTU Total Checkouts Full call number Accession No. (Barcode) Date last seen Bill Date Koha item type
    Dewey Decimal Classification   Not For Loan SGT Chancellor's Library SGT Chancellor's Library Reference Book 04/03/2025 SGTU   891.4309 M21A CH2623 04/03/2025 04/03/2025 Books